History Quiz

Random History or Politics Quiz

200 Year Quiz Stats

Quiz Updated Nov 9, 2016

Challenge
Share
Tweet
Embed
Score 0/200 Timer 20:00
7 Plays Today
Event Year % Correct
D-Day1944
94.5%
Princess Diana killed in car crash1997
87.5%
Richard Nixon resigns1974
86.4%
World Trade Center destroyed2001
80.7%
JFK assassinated1963
77.8%
Hitler bites the dust/Hiroshima bombed1945
73.7%
U.S. boycotts Summer Olympics in Moscow1980
73.3%
World War I begins1914
72.3%
Apollo 11 lands on the moon1969
71.8%
Germany invades Poland and WWII begins1939
71.6%
Berlin Wall falls1989
71.1%
Titanic sinks1912
69.8%
Last American troops leave Vietnam1975
68.5%
Hurricane Katrina hits New Orleans2005
65.6%
Barack Obama elected2008
65.6%
Treaty of Versailles signed after WWI1919
65.1%
Cuban Missile Crisis1962
64.7%
Second U.S.-led invasion of Iraq2003
64.1%
Japan attacks Pearl Harbor1941
63.7%
U.S. declares independence1776
63.5%
Hitler becomes Chancellor of Germany1933
63.3%
American Civil War begins1861
60.5%
First U.S.-led invasion of Iraq1991
60.2%
Battle of Gettysburg1863
58.4%
Office of U.S. presidency first occupied1789
58.4%
Columbus lands in the New World1492
58.2%
Abraham Lincoln elected president1860
57.9%
October Revolution in Russia1917
57.3%
Abraham Lincoln assassinated1865
56.7%
Saddam Hussein executed2006
55.7%
Black Thursday stock market crash1929
54.9%
Challenger disaster1986
54.5%
SCOTUS: Bush v. Gore2000
54.3%
Deepwater Horizon/Gulf of Mexico oil spill2010
53.9%
Clinton impeached1998
53.6%
Winston Churchill dies1965
53.1%
Federal building in Oklahoma City bombed1995
51.4%
Tet Offensive in Vietnam1968
50.9%
Queen Elizabeth II crowned1953
50.6%
World Trade Center bombed, 6 killed1993
50.6%
Vichy government installed in France1940
48%
Sporcle founded2007
47.6%
Thomas Jefferson becomes president1801
47.5%
The USSR invades Afghanistan1979
46.9%
Hitler named Führer1934
46.9%
Apartheid ends in South Africa1994
46.3%
WWI western armistice achieved1918
45.6%
Mussolini becomes Italian PM1922
44.6%
Alaska and Hawaii become states1959
44.3%
Lusitania sinks1915
44%
Korean War begins1950
43.9%
Indian Ocean tsunami kills thousands2004
43.6%
Louisiana purchased from France by U.S.1803
43.3%
U.K. and Argentina fight in the Falklands1982
42.2%
First African-American U.S. president inaugurated2009
41.9%
William McKinley assassinated1901
41.9%
American Constitutional Convention1787
41.7%
No Child Left Behind signed by Bush2002
41.6%
Nixon visits China1972
41%
Stalin kicks the bucket1953
40.9%
Little Rock Central High School integrated1957
40.6%
Battle of Waterloo1815
40.2%
William I becomes King of England1066
39.7%
The Wright Flier I takes off at Kitty Hawk1903
39.6%
Adams and Jefferson both die July 41826
39.6%
Six Day War1967
39.2%
Gagarin enters space1961
38.6%
Event Year % Correct
First modern Olympics held1896
38.4%
India achieves independence1947
38%
Gandhi assassinated1948
37.6%
The British burn Washington1814
37.5%
Magna Carta signed1215
37.5%
Spanish-American War begins1898
35.1%
Gorbachev becomes Soviet Premier1985
34.9%
Thatcher resigns prime ministership1990
34.1%
Apollo 13 mission1970
34%
San Francisco earthquake (4/18 at 5:12 AM)1906
33.9%
Camp David Accords1978
33.7%
LZ 129 Hindenburg destroyed1937
33.6%
Great Fire of London1666
32.2%
Dolly the sheep born from cloning1996
32.2%
Reagan wins electoral college by 512 votes1984
32%
Battle of Midway1942
31.6%
First meeting of the U.N.1946
31.5%
Treaty of Paris ends U.S. Rev. War1783
31.3%
NATO bombs Yugoslavia1999
30.2%
Gulf of Tonkin incident1964
30%
Louis XVI executed1793
29.8%
Seven Years/French and Indian war ends1763
29.5%
Munich Pact signed1938
29.1%
Eisenhower becomes Supreme Allied Commander in Europe1943
28.8%
Battle of Antietam/Sharpsburg1862
27.6%
Queen Victoria crowned1837
27.4%
Napoleon crowned Emperor of the French1804
27.2%
George Washington dies1799
26.6%
Berlin airlift succeeds in ending blockade1949
26.6%
Los Angeles riots after Rodney King verdict1992
26.6%
James Garfield assassinated1881
26%
Sadat assassinated1981
25.4%
Japanese invasion of Manchuria begins1931
25.4%
The Great Gatsby published1925
25.1%
Andrew Johnson impeached1868
25.1%
First U.S. election with women's suffrage1920
25%
Jamestown founded1607
24.7%
SCOTUS: Dred Scott v. Sanford1857
24.7%
Yom Kippur War1973
24.5%
Columbus begins his 2nd voyage1493
24.1%
Battle of Saratoga1777
24%
Gallipoli campaign concludes1916
23.8%
Spanish Civil War begins1936
23.6%
U.S. and others invade Grenada1983
23.5%
Republic of Turkey proclaimed1923
23.5%
The Mayflower leaves England1620
23.3%
Battles of Bunker Hill, Lexington, and Concord1775
22%
Spanish Armada destroyed1588
21.9%
Tennessee first Confederate state readmitted to US1866
21.9%
Vietnam wins at Dien Bien Phu1954
21.5%
Battle of Little Bighorn1876
21.4%
Hosni Mubarak ousted as Egyptian president2011
21.2%
Mt. Vesuvius erupts, burying Pompeii and Herculaneum79
21.2%
Burr kills Hamilton1804
21.1%
Missouri Compromise1820
21.1%
George Washington born1732
20.9%
Stamp Act levied against British colonies1765
20.8%
Mexican-American War begins1846
20.6%
Reign of George III begins1760
19.7%
T. Roosevelt helps end Russo-Japanese War1905
19.7%
Napoleon Bonaparte dies1821
19.2%
Columbus sets out for final voyage west1502
18.2%
Socalist Republic of Vietnam formed1976
18%
John Brown raids Harpers Ferry1859
17.6%
William Shakespeare dies1616
17.6%
Battle of the Alamo1836
17.5%
Death of Albert Einstein1955
17.2%
Event Year % Correct
Boxer Rebellion begins1899
17.1%
English Civil War begins1642
16.5%
Glorious Revolution1688
15.9%
Crimean War ends1856
15.4%
Francis Gary Powers' U-2 shot down1960
15.4%
Ottomans take Constantinople1453
15.3%
Charlemagne named Emperor800
14.8%
Whiskey Rebellion1794
14.3%
William Harrison dies in office1841
14%
Franco-Prussian War begins1870
13.3%
30 Years War begins1618
13.3%
Luther publishes The Ninety-Five Theses1517
13.2%
Walt Disney dies1966
13.2%
Voyagers 1 and 2 launched1977
13.2%
Pluto discovered1930
13.1%
Catcher in the Rye first published1951
13.1%
Augustus Caesar dies14
13.1%
Battle of Bosworth Field1485
12.7%
Thirty Years War ends1648
12.5%
Nat Turner leads slave rebellion1831
12.3%
Alien and Sedition Acts passed1798
12.3%
Great Chicago Fire1871
12.3%
Millard Fillmore signs a 5-bill 'Compromise'1850
12.2%
Matthew Perry visits Japan1853
12.2%
Hundred Years War begins1337
11.8%
Kellogg-Briand Pact signed1928
11.5%
Battle of Agincourt1415
11.3%
First United States Census authorized1790
11.1%
Dow Jones falls 508 points in one day1987
10.9%
Sacco and Vanzetti executed1927
10.3%
Bangladesh declares independence1971
10.1%
Nasser becomes President of Egypt1956
9.6%
Louis XIV dies1715
9.5%
First Crusade begins1096
9%
Canada formed out of Constitution Act1867
8.9%
Galveston, TX hit by hurricane, Sept. 81900
8.8%
Muhammad dies632
8.4%
Kansas Nebraska Act becomes law1854
8.3%
Embargo Act1807
7.8%
Death of Charlemagne814
7.2%
Sherman Antitrust Act1890
6.9%
First Council of Nicaea325
6.7%
Van Gogh cuts off own ear1888
6.7%
Odoacer deposes Romulus Augustus476
6.5%
First Boer War begins1880
6.4%
Huxley's Brave New World published1932
6.2%
William Wallace executed1305
6.2%
United Arab Republic formed by Egypt, Syria1958
6.1%
Battle of the Teutoburg Forest9
5.5%
Balfour Declaration approved1926
5.5%
Simón Bolívar dies1830
5.2%
Great Lisbon Earthquake1755
4.8%
Edict of Milan313
4.7%
Diet and Edict of Worms1521
4.5%
Treaty of Utrecht1713
4.3%
Battle of Tours732
4.3%
Battle of Lepanto1571
4.2%
Gustavus Adolphus killed1632
4%
Treaty of Verdun843
3.9%
Peace of Augsburg finalized1555
3.8%
Death of Marcus Aurelius180
3.7%
Spanish Inquisition begins1478
3.6%
Battle of Crécy1346
3.6%
Herschel discovers Uranus1781
3.6%
Baghdad sacked by the Mongols1258
3.5%
Concordat of Worms1122
2%

You're not logged in!

Compare scores with friends on all Sporcle quizzes.
Sign Up with Email
OR
Log In

You Might Also Like...

Show Comments

Extras

Top Quizzes Today


Score Distribution

Your Account Isn't Verified!

In order to create a playlist on Sporcle, you need to verify the email address you used during registration. Go to your Sporcle Settings to finish the process.